| 000 | 01177nam a2200337 c 4500 | ||
|---|---|---|---|
| 003 | BLK | ||
| 005 | 20180420213702.0 | ||
| 008 | 180412b bul|||||r ||||||| ||bul|| | ||
| 010 | _aKNG00004570000 | ||
| 020 |
_a954-8150-32-8 _bиздат.: Сиби |
||
| 040 | _aBLK | ||
| 041 |
_aBUL _cBUL |
||
| 080 |
_aПраво _b34 _x(37)(075.8) _z34(37)(075.8) |
||
| 100 | 1 |
_aВенедиков, Петко Йорданов _eпърви автор _9242352 |
|
| 139 |
_aВенедиков, Петко Йорданов _bВ 46 |
||
| 245 | 1 | 0 |
_aЗаписки по римско право _b[Уч. помагало за студенти-юристи] _cПетко Йорданов Венедиков. |
| 257 | _aBGR | ||
| 260 |
_аСофия _bСиби _c1994 |
||
| 300 |
_a224 с. _c17 см |
||
| 380 | _a3 | ||
| 500 | _a1 500 тир. | ||
| 650 | 4 |
_aРимско право - учебници за ВУЗ _9247343 |
|
| 653 | _aзаписки | ||
| 653 | _aправо | ||
| 653 | _aримско частно право | ||
| 852 | _aЦб І 27266 | ||
| 856 | 4 |
_qpdf _u |
|
| 856 | 4 |
_qpdf _u |
|
| 942 |
_cKNG _n0 _01 |
||
| 944 |
_aCR _c15.01.2003 _kНаталия_Медовщикова |
||
| 944 |
_aED _c02.11.2005 _k |
||
| 999 |
_c3480 _d3480 |
||